000 01375nam a2200349 c 4500
003 BLK
005 20180422095728.0
008 180413b bul|||||r ||||||| ||bul||
010 _aKNG00030234000
020 _a954-459-687-9
_bиздат.: Хермес
040 _aBLK
041 _aBUL
_cBUL
080 _aАмериканска литература (на САЩ)
_b821.111(73)
_x-312.9
_z821.111(73)-312.9
100 1 _aСаймънс, Джейми
_eпърви автор
_9267761
700 1 _aСколън, Е. У.
_eсъавт.
_9120968
700 1 _aАтанасов, Иван
_eпрев. от англ.
_gПетков, Иван Атанасов
_9365504
139 _aСаймънс, Джейми и др.
_bС 13
245 1 0 _aБясното куче
_cДжейми Саймънс; съавт. Е. У. Сколън; прев. от англ. Иван Атанасов.
257 _aUSA
260 Пловдив
_bХермес
_c2000
300 _a128 с.
_c20 см
380 _aX
490 1 _aГалактически пратеници
_v5
500 _aОриг. загл. Rabid Transit / Jamie Simons, E. W. Scollon. - Офс. изд.
653 _aфантастика
653 _aромани
852 _aЦб 203134
856 4 _qpdf
_u
856 4 _qpdf
_u
942 _cKNG
_n0
944 _aCR
_c15.01.2003
_kAB_DOS
944 _aED
_c17.03.2017
_kВиолета_Тройчева
999 _c27650
_d27650